[Event "Del Sur U2400 Hybrid op 5th"]
[Site "Tornelo INT"]
[Date "2022.01.21"]
[Round "3"]
[White "Torrico, Alexis"]
[Black "Maravi, Jon"]
[Result "1/2-1/2"]
[WhiteElo "1899"]
[BlackElo "1845"]
[PlyCount "132"]
[EventDate "2022.01.21"]
[EventType "swiss"]
[EventRounds "6"]
[EventCountry "VEN"]
[SourceTitle "EXT 2023"]
[Source "ChessBase"]
[SourceDate "2022.10.05"]
[SourceVersion "1"]
[SourceVersionDate "2022.10.05"]
[SourceQuality "1"]

1. d4 d5 2. Bf4 Nf6 3. e3 e6 4. Nf3 Bd6 5. Nbd2 0-0 6. c3 Re8 7. Bd3 b6 8. Ne5 Bb7 9. Qf3 Nbd7 10. Qh3 Nf8 11. Bb5 N6d7 12. Ndf3 f6 13. Nxd7 Nxd7 14. Bd3 Nf8 15. Qg3 Bxf4 16. exf4 c5 17. 0-0 Qd6 18. Rfe1 a6 19. Re2 Qd7 20. Rae1 Bc6 21. f5 exf5 22. Rxe8 Rxe8 23. Rxe8 Qxe8 24. h3 c4 25. Bxf5 Bd7 26. Bxd7 Qxd7 27. Qb8 b5 28. Qa8 Qe6 29. Nd2 Qd6 30. Nf1 h6 31. Ne3 Kf7 32. Qxd5+ Qxd5 33. Nxd5 Ne6 34. f4 f5 35. Kf2 a5 36. a4 bxa4 37. g3 g5 38. Kf3 Ke8 39. Nb6 Nxd4+ 40. Ke3 a3 41. bxa3 Nc2+ 42. Kd2 Nxa3 43. Ke3 Nc2+ 44. Kd2 Na3 45. Ke3 Nb5 46. Nxc4 a4 47. Kd3 a3 48. Kc2 Ke7 49. fxg5 hxg5 50. h4 gxh4 51. gxh4 a2 52. Kb2 Nxc3 53. Nd2 f4 54. Nf3 Kf6 55. Ka1 Kg6 56. Kb2 Kh5 57. Ka1 Nd1 58. Kxa2 Ne3 59. Kb3 Nf5 60. Kc3 Nxh4 61. Ne5 Kg5 62. Kd2 Kf5 63. Nd3 f3 64. Ke3 Kg5 65. Ne5 Kf5 66. Nxf3 Nxf3 1/2-1/2

[Event "Del Sur U2400 Hybrid op 5th"]
[Site "Tornelo INT"]
[Date "2022.01.21"]
[Round "5"]
[White "Torrico, Alexis"]
[Black "Mayta Aiza, Maveric"]
[Result "1/2-1/2"]
[WhiteElo "1899"]
[BlackElo "1643"]
[PlyCount "48"]
[EventDate "2022.01.21"]
[EventType "swiss"]
[EventRounds "6"]
[EventCountry "VEN"]
[SourceTitle "EXT 2023"]
[Source "ChessBase"]
[SourceDate "2022.10.05"]
[SourceVersion "1"]
[SourceVersionDate "2022.10.05"]
[SourceQuality "1"]

1. c4 e6 2. Nf3 d5 3. d4 c5 4. cxd5 exd5 5. g3 Nc6 6. Bg2 Nf6 7. 0-0 Be7 8. b3 0-0 9. Bb2 cxd4 10. Nxd4 Nxd4 11. Qxd4 Be6 12. Rd1 Qc7 13. Nc3 Bc5 14. Qh4 Rad8 15. Nb5 Qb6 16. Nd4 Rfe8 17. e3 Bg4 18. Rd3 Be7 19. h3 Bc8 20. Qf4 Ne4 21. Nf5 Bg5 22. Qf3 Bf6 23. Bxf6 Qxf6 24. Nd4 Qg6 1/2-1/2

[Event "Pan American-ch U20"]
[Site "Cochabamba"]
[Date "2019.08.06"]
[Round "9"]
[White "Torrico, Alexis"]
[Black "Montevilla Cahuasa, Elias Alejandro"]
[Result "1-0"]
[WhiteElo "1847"]
[BlackElo "1326"]
[PlyCount "60"]
[EventDate "2019.08.01"]
[EventType "swiss"]
[EventRounds "9"]
[EventCountry "BOL"]
[SourceTitle "EXT 2021"]
[Source "ChessBase"]
[SourceDate "2020.10.23"]
[SourceVersion "1"]
[SourceVersionDate "2020.10.23"]
[SourceQuality "1"]

1. d4 Nf6 2. c4 e6 3. Nf3 b6 4. a3 Bb7 5. Nc3 c5 6. d5 exd5 7. cxd5 d6 8. e4 Nbd7 9. Bd3 Be7 10. Bf4 a6 11. a4 Qc7 12. h3 0-0 13. 0-0 Rfe8 14. Re1 Bd8 15. Nd2 Nf8 16. Nc4 Be7 17. e5 Nxd5 18. Nxd5 Bxd5 19. exd6 Qb7 20. dxe7 Ng6 21. Nd6 Qc6 22. Bxg6 hxg6 23. Nxe8 Rxe8 24. f3 b5 25. axb5 axb5 26. Re5 Be6 27. Qd8 Qd7 28. Ra8 Qxe7 29. Qxe7 Rxa8 30. Rxe6 Rf8 1-0

[Event "Pan American-ch U20"]
[Site "Cochabamba"]
[Date "2019.08.05"]
[Round "7"]
[White "Torrico, Alexis"]
[Black "Ticona Rocabado, Licael Roderick"]
[Result "1-0"]
[WhiteElo "1847"]
[BlackElo "1693"]
[PlyCount "71"]
[EventDate "2019.08.01"]
[EventType "swiss"]
[EventRounds "9"]
[EventCountry "BOL"]
[SourceTitle "EXT 2021"]
[Source "ChessBase"]
[SourceDate "2020.10.23"]
[SourceVersion "1"]
[SourceVersionDate "2020.10.23"]
[SourceQuality "1"]

1. d4 Nf6 2. c4 g6 3. Nc3 Bg7 4. e4 d6 5. f4 0-0 6. Nf3 c5 7. d5 e6 8. dxe6 fxe6 9. Bd3 Nc6 10. 0-0 a6 11. Ng5 h6 12. Nf3 e5 13. Nh4 Ne7 14. fxe5 dxe5 15. Nd5 Nfxd5 16. exd5 g5 17. Ng6 Nxg6 18. Bxg6 Qd6 19. Rxf8+ Bxf8 20. Qh5 Bd7 21. Bxg5 Bg4 22. Bf7+ Kg7 23. Qxg4 hxg5 24. Rf1 Be7 25. Be6 Bf6 26. Rxf6 Kxf6 27. Qf5+ Ke7 28. Qxg5+ Ke8 29. Qg6+ Ke7 30. Qf7+ Kd8 31. Qg8+ Ke7 32. Qxa8 Qb6 33. Qg8 e4 34. Qg7+ Kd6 35. Qg3+ Ke7 36. Qe5 1-0

[Event "Pan American-ch U20"]
[Site "Cochabamba"]
[Date "2019.08.02"]
[Round "3"]
[White "Torrico, Alexis"]
[Black "Vera Sanchez, Pavel Genaro"]
[Result "1/2-1/2"]
[WhiteElo "1847"]
[BlackElo "2173"]
[PlyCount "43"]
[EventDate "2019.08.01"]
[EventType "swiss"]
[EventRounds "9"]
[EventCountry "BOL"]
[SourceTitle "EXT 2020"]
[Source "ChessBase"]
[SourceDate "2019.10.17"]
[SourceVersion "1"]
[SourceVersionDate "2019.10.17"]
[SourceQuality "1"]

1. d4 Nf6 2. c4 e6 3. Nf3 d5 4. Nc3 Bb4 5. Bg5 Nbd7 6. e3 0-0 7. cxd5 exd5 8. Bd3 c5 9. 0-0 Qa5 10. Qc2 c4 11. Bf5 g6 12. Bh3 Re8 13. Ne2 Ne4 14. Bf4 b5 15. Bxd7 Bxd7 16. Ne5 Qd8 17. a4 Nd2 18. Nxd7 Qxd7 19. Rfd1 Nb3 20. Ra2 bxa4 21. Nc3 Bxc3 22. Qxc3 1/2-1/2

[Event "La Paz Adalp Cup"]
[Site "La Paz"]
[Date "2017.03.15"]
[Round "10"]
[White "Torrico, Alexis"]
[Black "Maceda, Marcio"]
[Result "0-1"]
[WhiteElo "1752"]
[BlackElo "2037"]
[PlyCount "56"]
[EventDate "2017.02.20"]
[EventType "tourn"]
[EventRounds "11"]
[EventCountry "BOL"]
[SourceTitle "CBM 177 Extra"]
[Source "ChessBase"]
[SourceDate "2017.04.27"]
[SourceVersion "1"]
[SourceVersionDate "2017.04.27"]
[SourceQuality "1"]

1. d4 Nf6 2. c4 g6 3. f3 d5 4. cxd5 Nxd5 5. e4 Nb6 6. Nc3 Bg7 7. Be3 0-0 8. h4 e5 9. d5 c6 10. h5 cxd5 11. exd5 Re8 12. Qd2 N8d7 13. hxg6 fxg6 14. Nh3 Nf6 15. Ng5 h6 16. Nge4 g5 17. Nc5 Bf5 18. g4 Bd7 19. Nxb7 Qc7 20. Nc5 e4 21. d6 Qd8 22. Nxd7 Qxd7 23. Bxb6 exf3+ 24. Be3 Rxe3+ 25. Kd1 Re5 26. Bc4+ Kh8 27. Nd5 Ne4 28. Qd4 Qxd6 0-1

[Event "La Paz Adalp Cup"]
[Site "La Paz"]
[Date "2017.03.14"]
[Round "9"]
[White "Medrano, Mario"]
[Black "Torrico, Alexis"]
[Result "1-0"]
[WhiteElo "2040"]
[BlackElo "1752"]
[PlyCount "85"]
[EventDate "2017.02.20"]
[EventType "tourn"]
[EventRounds "11"]
[EventCountry "BOL"]
[SourceTitle "CBM 177 Extra"]
[Source "ChessBase"]
[SourceDate "2017.04.27"]
[SourceVersion "1"]
[SourceVersionDate "2017.04.27"]
[SourceQuality "1"]

1. d4 Nf6 2. Bf4 e6 3. Nf3 c5 4. e3 d5 5. c3 Nc6 6. Nbd2 Qb6 7. Qb1 Be7 8. Bd3 h6 9. h3 0-0 10. Ne5 Nxe5 11. dxe5 Nd7 12. Nf3 f6 13. 0-0 fxe5 14. Nxe5 Nxe5 15. Bxe5 Bd6 16. Bh7+ Kh8 17. Bxg7+ Kxg7 18. Qg6+ Kh8 19. Qxh6 Qc7 20. Bf5+ Kg8 21. Bxe6+ Bxe6 22. Qxe6+ Rf7 23. Rad1 Rd8 24. Rxd5 Qc6 25. Rg5+ Kf8 26. Qg4 Ke7 27. Rd1 Rd7 28. g3 Kd8 29. e4 c4 30. Rgd5 Kc7 31. e5 Bc5 32. Rxd7+ Rxd7 33. Rxd7+ Qxd7 34. Qxc4 Kb6 35. b4 Bxf2+ 36. Kxf2 Qf5+ 37. Qf4 Qc2+ 38. Kf3 Qd1+ 39. Ke4 Qb1+ 40. Kd4 Qd1+ 41. Kc4 Qe2+ 42. Kb3 Qd1+ 43. Ka3 1-0

[Event "La Paz Adalp Cup"]
[Site "La Paz"]
[Date "2017.03.07"]
[Round "6"]
[White "Torrico, Alexis"]
[Black "Rocha, Ignacio"]
[Result "1-0"]
[WhiteElo "1752"]
[BlackElo "1743"]
[PlyCount "83"]
[EventDate "2017.02.20"]
[EventType "tourn"]
[EventRounds "11"]
[EventCountry "BOL"]
[SourceTitle "CBM 177 Extra"]
[Source "ChessBase"]
[SourceDate "2017.04.27"]
[SourceVersion "1"]
[SourceVersionDate "2017.04.27"]
[SourceQuality "1"]

1. d4 e6 2. c4 Nf6 3. Nf3 b6 4. g3 Bb7 5. Bg2 Be7 6. 0-0 0-0 7. Nc3 d6 8. Qc2 Nbd7 9. e4 c5 10. d5 e5 11. Nh4 g6 12. Bh6 Re8 13. Bh3 Kh8 14. Ng2 Ng8 15. Bd2 g5 16. Qd1 Nf8 17. Ne3 Ng6 18. Nf5 a6 19. Qh5 Bf6 20. Nd1 Bc8 21. Nde3 N8e7 22. Nh6 Rf8 23. Nef5 Ng8 24. Nxg8 Rxg8 25. Nh6 Rf8 26. Bxc8 Rxc8 27. Ng4 Be7 28. Nh6 f6 29. Nf5 Rf7 30. Kh1 Bf8 31. a4 a5 32. Ra3 Qd7 33. f4 gxf4 34. gxf4 Bg7 35. Rh3 Nf8 36. Nxd6 Qxd6 37. Qxf7 Rc7 38. Qh5 Qd7 39. fxe5 fxe5 40. Bh6 Bxh6 41. Qxh6 Ng6 42. Rf8+ 1-0

[Event "La Paz op 2nd"]
[Site "La Paz"]
[Date "2014.11.13"]
[Round "2"]
[White "Quispe Santacruz, Javier"]
[Black "Torrico, Alexis"]
[Result "1-0"]
[WhiteElo "2037"]
[BlackElo "1634"]
[PlyCount "121"]
[EventDate "2014.11.13"]
[EventType "swiss"]
[EventRounds "7"]
[EventCountry "BOL"]
[SourceTitle "CBM 163 Extra"]
[Source "ChessBase"]
[SourceDate "2014.12.23"]
[SourceVersion "1"]
[SourceVersionDate "2014.12.23"]
[SourceQuality "1"]

1. d3 c5 2. Nd2 g6 3. g3 Bg7 4. Bg2 Nc6 5. c4 d6 6. a3 Bd7 7. Ngf3 a6 8. Rb1 e5 9. b4 b6 10. e3 Rb8 11. Qc2 Nge7 12. h4 h6 13. 0-0 0-0 14. b5 axb5 15. cxb5 Na7 16. a4 Nd5 17. Ba3 Be6 18. Nc4 Rc8 19. Rfd1 f5 20. Qe2 Nc3 21. Qd2 Nxb1 22. Rxb1 Bxc4 23. dxc4 e4 24. Ne1 g5 25. hxg5 hxg5 26. Bb2 Ra8 27. g4 Bxb2 28. Rxb2 Qf6 29. Qd5+ Kg7 30. Rd2 Rab8 31. gxf5 Qxf5 32. Qxf5 Rxf5 33. Rxd6 Rf6 34. Rd7+ Rf7 35. Rd5 Rbf8 36. Rd2 Re8 37. f3 exf3 38. Nxf3 Rxe3 39. Nxg5 Rfe7 40. Rd6 Rg3 41. Ne6+ Kf6 42. Nxc5+ Ke5 43. Rd5+ Kf6 44. Nd7+ Ke6 45. Nxb6 Reg7 46. Rd2 Rxg2+ 47. Rxg2 Rxg2+ 48. Kxg2 Kd6 49. a5 Nxb5 50. cxb5 Kc5 51. Nc4 Kxb5 52. Kf3 Ka6 53. Ke4 Kb7 54. Kd5 Ka6 55. Kc5 Ka7 56. Kb5 Kb7 57. a6+ Ka7 58. Ne3 Kb8 59. Kb6 Ka8 60. Nd5 Kb8 61. a7+ 1-0